000 00743nam a22002177a 4500
005 20240530110855.0
008 210930s2021 ua g 000 f ara d
017 _a2021/1877
_bمصر. دار الكتب
020 _a97897783234
040 _aEG-CaGPL
_cEG-CaGPL
082 0 4 _221
_a813.03/
_bع ى
100 0 _aعابد خطاب
245 1 0 _aيوميات عائلة مصرية :
_nالكتاب الاول،
_pهوجة عرابى /
_cعابد خطاب
260 _aالقاهرة :
_bالعربى للنشر و التوزيع،
_c2021.
300 _a208 ص. ؛
_c19 سم.
650 0 7 _2qrmak
_aالادب العربى
650 0 7 _2qrmak
_aالقصص العربية
651 _2qrmak
942 _2ddc
_cBK
999 _c66016
_d66016